000 00828cam a22002411 4500
001 sa 67004268
003 DLC
005 20260227112345.0
008 810414s1964 ii 000 0 eng
010 _asa 67004268
025 _aPL480:I-E-8333
035 _a(OCoLC)7336819
040 _aDLC
_cNNU
_dNNU
_dDLC
042 _apremarc
050 0 0 _aDS475.2.O3
_bA5
100 1 _aOchterlony, David,
_cSir,
_d1758-1825.
245 1 0 _aSelections from Ochterlony papers, 1818-1825, in the National Archives of India.
_cEdited by Narendra Krishna Sinha and Arun Kumar Dasgupta.
260 _a[Calcutta]
_bUniversity of Calcutta,
_c1964.
300 _axxxviii, 489 p.
_c25 cm.
651 0 _aIndia
_xHistory
_yBritish occupation, 1765-1947
_xSources.
700 1 _aSinha, Narendra Krishna,
_eed.
700 1 _aDasgupta, Arun Kumar,
_eed.
999 _c74348
_d74348